000
00352nam a2200157Ia 4500
008
151213s9999 xx 000 0 und d
100
_a
Sams
245
_a
visual Basic -6
_c
Sams
250
_a
1st
260
_a
India
_b
Sams Publication
_c
2002
300
_a
4203 p.
650
_a
Computer
650
_a
Computer
700
_a
Sams
999
_c
2627
_d
2627